000 01384cam a2200337 4500
008 090401t1991 xxu||||| |||| 00| 0 eng d
020 _a0939493063
035 _a(Sirsi) u72632
041 _aeng
050 _a624.177
110 _aCouncil on Tall Buildings and Urban Habitat
_91745
245 _aTall buildings: 2000 and beyond: collected papers.
260 _aBethlehem, Pa.
_bCouncil on Tall Buildings and
_c1991
300 _axx,805p. : ill. ; 23cm.
350 _a0
520 _aAdditional papers of the Council`s Fourth World Congress held in Hong Kong ,5-9, November 1990. Sections include planning and environmental criteria, development and management, systems and concepts, building service systems , criteria and loading, tall steel buildings and tall concrete and masonry buildings. Also includes project descriptions from Canada, Germany, Japan, Malaysia, China, Singapore, Taiwan and United States of America and a detailed case study of Central Plaza, Hong Kong.
650 _aBANGLADESH
650 _aBlock management
_96220
650 _aCAIRO
650 _aEARTHQUAKES
650 _aFIRE
650 _aHIGH RISE BUILDINGS
650 _aIRAN
650 _aKUWAIT
650 _aSTRUCTURES
650 _aWIND
690 _aBUILT ENVIRONMENT
700 _aBeedle, Lynn S. & Rice, Dolores B.,
_xEditor
942 _n0
948 _c04/03/1997
999 _c95516
_d95516